| 000 | 01235cam a22003377a 4500 | ||
|---|---|---|---|
| 003 | CHAP | ||
| 005 | 20220329142645.0 | ||
| 008 | 010920d2001 mx r 00110 spa d | ||
| 010 | _a86078 | ||
| 011 | _a87050 | ||
| 035 | _a97591 | ||
| 040 | _cCHAP | ||
| 090 | _aTesis | ||
| 100 | 0 | 0 |
_aArce Martinez, Ricardo. _96770 |
| 245 | 1 | 0 |
_aDiagnóstico de la fertilidad de los suelos agrícolas del Instituto Tecnológico Agropecuario (I.T.a) no. 25 de Cd. Altamirano, Gro. _c/por Ricardo Arce Martínez |
| 260 |
_aCocula, Gro. : _bEl autor, _c2001. |
||
| 300 | _a66 h. | ||
| 502 | _aTesis (Ing. Agr. Fitotecnista) -- Colegio Superior Agropecuario del Estado de Guerrero. Centro de Estudios Profesionales | ||
| 590 |
_aALEPH _b10 _c20130110 _lUCH01 _h1448 |
||
| 590 |
_aBATCH-UPD _b10 _c20130110 _lUCH01 _h0656 |
||
| 590 |
_aBATCH-UPD _b10 _c20130410 _lUCH01 _h0341 |
||
| 590 |
_aBATCH-UPD _b10 _c20130914 _lUCH01 _h2035 |
||
| 590 |
_aCONVERSION _b10 _c20130109 _lUCH01 _h1348 |
||
| 650 | 1 | 4 |
_aSuelos _xAnálisis. _9110204 |
| 650 | 1 | 4 |
_aSuelos _xFertilidad. _9110367 |
| 650 | 1 | 4 |
_aSuelos _xGuerrero. _9110386 |
| 901 | _aBK | ||
| 905 | _aAlejandra Carrasco M. | ||
| 942 | _cTESIS | ||
| 949 |
_aTesis _bBC _cTES _d33724000875324 _eTS1 _h39683 _i97591 _sb |
||
| 999 |
_c86078 _d86078 |
||